University Home | Library Home | Institutional Repository

Chinese Red/ (Record no. 216380)

MARC details
000 -LEADER
fixed length control field 00603nam a22002177a 4500
005 - DATE AND TIME OF LATEST TRANSACTION
control field 20260302105046.0
008 - FIXED-LENGTH DATA ELEMENTS--GENERAL INFORMATION
fixed length control field 260302b ||||| |||| 00| 0 eng d
020 ## - INTERNATIONAL STANDARD BOOK NUMBER
International Standard Book Number 9787119045313
040 ## - CATALOGING SOURCE
Original cataloging agency LC
Transcribing agency UNZA
Modifying agency RDA
Description conventions RDA
050 ## - LIBRARY OF CONGRESS CALL NUMBER
Classification number DS 721.C35 CHU 2008
Item number C.1
100 ## - MAIN ENTRY--PERSONAL NAME
Personal name Chunling, Yan
245 ## - TITLE STATEMENT
Title Chinese Red/
Statement of responsibility, etc. Yan Chunling
260 ## - PUBLICATION, DISTRIBUTION, ETC.
Place of publication, distribution, etc. Beinjing:
Name of publisher, distributor, etc. Foreing Languages Press,
Date of publication, distribution, etc. 2008
300 ## - PHYSICAL DESCRIPTION
Extent 97 pages:
Other physical details ill.
336 ## - CONTENT TYPE
CONTENT TYPE Text
337 ## - MEDIA TYPE
MEDIA TYPE Unmediated
338 ## - CARRIER TYPE
CARRIER TYPE Edition
650 ## - SUBJECT ADDED ENTRY--TOPICAL TERM
Topical term or geographic name entry element Manners and Customes
Geographic subdivision China
650 ## - SUBJECT ADDED ENTRY--TOPICAL TERM
Topical term or geographic name entry element Red --
General subdivision Social life and customs --
Geographic subdivision China
999 ## -
-- 216380
-- 216380
942 ## - ADDED ENTRY ELEMENTS (KOHA)
Koha item type Book
Holdings
Withdrawn status Lost status Source of classification or shelving scheme Damaged status Not for loan Home library Current library Shelving location Date acquired Total Checkouts Full call number Barcode Date last seen Copy number Price effective from Koha item type
    Library of Congress Classification     Confucius Library Confucius Library On Shelf 03/02/2026   DS 721.C35 CHU 2008 33729001526412 03/02/2026 C.1 03/02/2026 Book
© 2026 - The University of Zambia Library - Koha v25.11